| 000 | 01015nam a22003137a 4500 | ||
|---|---|---|---|
| 003 | CHAP | ||
| 005 | 20220817041715.0 | ||
| 008 | 971013s1984 r 00010 d | ||
| 010 | _a22132 | ||
| 011 | _a23104 | ||
| 035 | _a27199 | ||
| 040 | _cCHAP | ||
| 090 | _aFolleto 10601 | ||
| 110 |
_aColegio de Postgraduados. Chapingo, Méx. _925068 |
||
| 245 |
_aXXV aniversario ceremonia de graduación _b: doctorado en ciencias, maestría en ciencias |
||
| 260 |
_aChapingo, Méx. : _bEl Colegio, _c(1984?) |
||
| 300 | _a42 p. | ||
| 590 |
_aBATCH-UPD _b10 _c20130110 _lUCH01 _h1157 |
||
| 590 |
_aBATCH-UPD _b10 _c20130410 _lUCH01 _h0740 |
||
| 590 |
_aBATCH-UPD _b10 _c20130913 _lUCH01 _h2215 |
||
| 590 |
_aBATCH-UPD _b10 _c20140805 _lUCH01 _h1144 |
||
| 590 |
_aCONVERSION _b10 _c20130109 _lUCH01 _h1313 |
||
| 650 | 1 | 4 |
_aAgricultura _xInvestigación. _91577 |
| 650 | 1 | 4 |
_aAgrónomos. _92200 |
| 650 | 1 | 4 |
_aTesis _xBibliografía. |
| 901 | _aBK | ||
| 942 | _cFOLL | ||
| 949 |
_aFolleto 10601 _bBC _cUACH _d-62929 _eUACH _i27199 _mD _si |
||
| 999 |
_c22132 _d22132 |
||